Hommage à Pierre Vernier, ses films avec Jean-Paul Belmondo - Statistiques

Statistiques générales
  • Ce quiz a été pris 16 fois
    11 depuis la dernière actualisation
  • Le résultat moyen est 6 sur 9
Statistiques - réponses
Années Réalisateurs Films % Correct
1983 Jacques Deray Le Marginal
100%
1981 Georges Lautner Le Professionnel
100%
1986 Jacques Deray Le Solitaire
100%
1988 Claude Lelouch Itinéraire d'un enfant gâté
75%
1979 Georges Lautner Le Guignolo
75%
1992 Georges Lautner L'Inconnu dans la maison
75%
1973 Alain Resnais Stavisky…
50%
1957 Henri Aisner Les Copains du dimanche
13%
1964 Henri Verneuil Week-end à Zuydcoote
13%
Aucun quiz correspondant
Distribution des résultats
% des personnes avec chaque résultat
Percentile par nombre de réponses
Votre historique - résultats
Vous n’avez pas pris ce quiz depuis la dernière actualisation